[Event "45th Biel Masters Open"]
[Site "Biel SUI"]
[Date "2012.07.31"]
[Round "8"]
[White "Edouard, R."]
[Black "Harikrishna, P."]
[Result "1-0"]
[WhiteElo "2646"]
[BlackElo "2684"]
[PlyCount "125"]
[EventDate "2012.07.23"]
[SourceDate "1999.07.01"]

1. d4 Nf6 2. c4 e6 3. Nf3 b6 4. g3 Ba6 5. Qa4 Bb7 6. Bg2 Be7 7. O-O O-O 8. Rd1
Qc8 9. Nc3 Ne4 10. Qc2 Nxc3 11. Qxc3 Be4 12. Bg5 f6 13. Bf4 a5 14. Ne1 Bxg2 15.
Nxg2 Qb7 16. Qc2 Na6 17. e4 b5 18. d5 e5 19. Be3 bxc4 20. Qxc4 Bd6 21. b3 Qb4
22. Rdc1 Qxc4 23. Rxc4 f5 24. Bd2 Nb4 25. Bxb4 axb4 26. exf5 Rxf5 27. Ne3 Rff8
28. Rc2 Ra5 29. Rd1 Re8 30. Nc4 Rc5 31. Re2 Bf8 32. f4 e4 33. Kf2 g6 34. d6
cxd6 35. Nxd6 Bxd6 36. Rxd6 Re7 37. Ke3 Kf7 38. Kd4 Rc1 39. Rd5 Rd1+ 40. Kc4
Rf1 41. Kxb4 e3 42. a4 Rf2 43. Re1 d6 44. Rd3 e2 45. Kc3 Rxh2 46. Kd2 h5 47.
Rxd6 h4 48. gxh4 Rxh4 49. Rxe2 Rb7 50. Kc2 Rxf4 51. Red2 g5 52. a5 Rb5 53. a6
Ra5 54. R2d5 Rf2+ 55. Kc3 Rxd5 56. Rxd5 Ra2 57. Rxg5 Rxa6 58. Re5 Kf6 59. Re8
Kf7 60. Re4 Rc6+ 61. Kd4 Rb6 62. Kc4 Rc6+ 63. Kd5 1-0

[Event "Politiken Cup 2012"]
[Site "Helsingor DEN"]
[Date "2012.08.05"]
[Round "10.4"]
[White "Markus, Rob"]
[Black "Timman, J."]
[Result "1/2-1/2"]
[WhiteElo "2599"]
[BlackElo "2575"]
[PlyCount "27"]
[EventDate "2012.07.28"]
[SourceDate "1999.07.01"]

1. d4 Nf6 2. c4 e6 3. Nf3 b6 4. g3 Ba6 5. b3 Bb7 6. Bg2 Bb4+ 7. Bd2 a5 8. O-O
O-O 9. Qc2 Re8 10. Nc3 d6 11. Rfe1 Bxc3 12. Bxc3 Be4 13. Qd2 Nbd7 14. Qe3
1/2-1/2

[Event "2nd Polugaevsky Mem"]
[Site "Samara RUS"]
[Date "2012.07.08"]
[Round "4.3"]
[White "Frolyanov, D."]
[Black "Yemelin, V."]
[Result "1/2-1/2"]
[WhiteElo "2564"]
[BlackElo "2577"]
[PlyCount "77"]
[EventDate "2012.07.05"]
[SourceDate "1999.07.01"]

1. d4 Nf6 2. c4 e6 3. Nf3 b6 4. g3 Ba6 5. b3 Bb4+ 6. Bd2 Be7 7. Bg2 d5 8. cxd5
exd5 9. O-O O-O 10. Nc3 Bb7 11. Bf4 Na6 12. Qc2 Re8 13. Rfd1 c6 14. Ne5 Qc8 15.
a3 Nc7 16. e4 Ne6 17. Bh3 dxe4 18. Nxe4 Nd5 19. Be3 c5 20. Rac1 Nxe3 21. fxe3
Bxe4 22. Qxe4 Bf6 23. Rf1 Qd8 24. Bg2 Rc8 25. Ng4 cxd4 26. Rxc8 Qxc8 27. Rxf6
gxf6 28. Nxf6+ Kf8 29. Nxe8 Kxe8 30. exd4 Qc1+ 31. Bf1 Qxa3 32. Bc4 Qa1+ 33.
Kg2 Qxd4 34. Qa8+ Qd8 35. Qxa7 Qd2+ 36. Kh3 Qh6+ 37. Kg2 Qd2+ 38. Kh3 Qh6+ 39.
Kg2 1/2-1/2

[Event "CECLUB 1st Div GpA 2012"]
[Site "Don Benito ESP"]
[Date "2012.08.03"]
[Round "5"]
[White "Illescas Cordoba, M."]
[Black "Quesada Perez, Yu"]
[Result "1-0"]
[WhiteElo "2601"]
[BlackElo "2626"]
[PlyCount "97"]
[EventDate "2012.07.30"]
[SourceDate "1999.07.01"]
[WhiteTeam "C.A. CAJACANARIAS"]
[BlackTeam "C. E. BARBERA"]

1. Nf3 Nf6 2. c4 b6 3. d4 e6 4. g3 Bb7 5. Bg2 Bb4+ 6. Bd2 c5 7. Bxb4 cxb4 8.
O-O O-O 9. Nbd2 d6 10. e3 a5 11. a3 Na6 12. Ne1 Bxg2 13. Kxg2 d5 14. Kg1 Qe7
15. cxd5 exd5 16. a4 Rac8 17. Nd3 Nc7 18. Nf3 Nce8 19. Nf4 Nd6 20. Ne5 Nc4 21.
Ned3 Qe4 22. Rc1 g5 23. Ng2 Qf5 24. f3 Rfe8 25. e4 dxe4 26. fxe4 Qxe4 27. Rxf6
Qxd4+ 28. Rf2 Red8 29. Qh5 f6 30. Nge1 Ne3 31. Rxc8 Rxc8 32. h3 b3 33. Qf3 Nd5
34. Kh2 Re8 35. Ng2 Rc8 36. Nde1 Re8 37. Re2 Rxe2 38. Qxe2 Kf7 39. Qf3 Qc4 40.
Qf5 Ke7 41. Nf3 Kd6 42. Nd2 Qd4 43. Ne4+ Ke7 44. Qxh7+ Ke6 45. Qg8+ Ke7 46.
Qg7+ Kd8 47. Qf8+ Kc7 48. Qd6+ Kc8 49. Nc3 1-0

[Event "45th Biel Masters Open"]
[Site "Biel SUI"]
[Date "2012.07.25"]
[Round "3"]
[White "Roiz, M."]
[Black "Golod, V."]
[Result "1/2-1/2"]
[WhiteElo "2615"]
[BlackElo "2547"]
[PlyCount "75"]
[EventDate "2012.07.23"]
[SourceDate "1999.07.01"]

1. d4 Nf6 2. c4 e6 3. Nf3 b6 4. g3 Ba6 5. Qc2 Bb4+ 6. Bd2 Bxd2+ 7. Nbxd2 d5 8.
cxd5 exd5 9. Rc1 c6 10. e3 Bxf1 11. Kxf1 O-O 12. Ne5 Qd6 13. Nxc6 Nxc6 14. Qxc6
Qxc6 15. Rxc6 Rac8 16. Rxc8 Rxc8 17. Ke2 Rc2 18. f3 Rxb2 19. Ra1 Ne8 20. Kd3
Rb5 21. a4 Rb4 22. a5 f5 23. axb6 axb6 24. Kc3 Rb5 25. Nb3 Nd6 26. Ra7 Kf8 27.
Rd7 Nf7 28. h4 h5 29. Kb2 Ke8 30. Rb7 Rb4 31. Ka3 Rc4 32. Rxb6 Rc3 33. Re6+ Kd7
34. Rg6 Rxe3 35. Rxg7 Ke7 36. f4 Kf6 37. Rg8 Re6 38. Kb4 1/2-1/2

[Event "45th Biel Masters Open"]
[Site "Biel SUI"]
[Date "2012.07.26"]
[Round "4"]
[White "Pelletier, Y."]
[Black "Harikrishna, P."]
[Result "0-1"]
[WhiteElo "2599"]
[BlackElo "2684"]
[PlyCount "74"]
[EventDate "2012.07.23"]
[SourceDate "1999.07.01"]

1. d4 Nf6 2. c4 e6 3. Nf3 b6 4. g3 Ba6 5. Qa4 Bb7 6. Bg2 g6 7. O-O Bg7 8. Nc3
Ne4 9. Nxe4 Bxe4 10. Rd1 O-O 11. d5 Qc8 12. Nd4 Bxg2 13. Kxg2 Na6 14. Be3 exd5
15. cxd5 Re8 16. Qc4 Qb7 17. Rab1 Nc5 18. b4 Ne4 19. Rbc1 Rac8 20. Nb3 c6 21.
Qd3 Nf6 22. dxc6 dxc6 23. Kg1 Qe7 24. Qc4 h5 25. Nd4 c5 26. bxc5 Ng4 27. c6
Nxe3 28. fxe3 Bh6 29. Rc2 Bxe3+ 30. Kf1 Qf6+ 31. Nf3 Bc5 32. Rd7 Rxc6 33. Rxa7
Rce6 34. Kg2 b5 35. Qxc5 Rxe2+ 36. Qf2 Rxf2+ 37. Rxf2 Qc6 0-1

[Event "Corporation Centre Cup A"]
[Site "Izhevsk RUS"]
[Date "2012.07.23"]
[Round "8"]
[White "Ibragimov, I."]
[Black "Shomoev, A."]
[Result "0-1"]
[WhiteElo "2539"]
[BlackElo "2582"]
[PlyCount "72"]
[EventDate "2012.07.15"]
[SourceDate "1999.07.01"]

1. d4 Nf6 2. c4 e6 3. Nf3 b6 4. g3 Bb4+ 5. Bd2 Bxd2+ 6. Qxd2 Ba6 7. Na3 Bb7 8.
Bg2 O-O 9. O-O d6 10. Rfd1 Nbd7 11. Nb5 Ne4 12. Qc2 a6 13. Nc3 Nxc3 14. Qxc3
Qe7 15. d5 e5 16. b4 a5 17. a3 axb4 18. axb4 Rxa1 19. Rxa1 Ra8 20. Rxa8+ Bxa8
21. Qa3 Qd8 22. Bh3 Nf6 23. Qa6 Qb8 24. Nd2 b5 25. e4 bxc4 26. Qxc4 g6 27. Nb1
Qb6 28. Nc3 Bb7 29. Bf1 Bc8 30. Na4 Qa7 31. b5 Bd7 32. h3 Bxb5 33. Qxb5 Nxe4
34. Bg2 Qxf2+ 35. Kh1 Nxg3+ 36. Kh2 Ne2 0-1

[Event "Turkish Bank Chess League 2012"]
[Site "Konya TUR"]
[Date "2012.07.21"]
[Round "12"]
[White "Gagunashvili, M."]
[Black "Tiviakov, S."]
[Result "1/2-1/2"]
[WhiteElo "2578"]
[BlackElo "2675"]
[PlyCount "33"]
[EventDate "2012.07.11"]
[SourceDate "1999.07.01"]
[WhiteTeam "Tarsus Zeka"]
[BlackTeam "Istanbul Pera"]

1. d4 Nf6 2. c4 e6 3. Nf3 b6 4. g3 Bb4+ 5. Bd2 Be7 6. Bg2 c6 7. O-O d5 8. Bf4
O-O 9. Nc3 Bb7 10. Qd2 Nbd7 11. cxd5 cxd5 12. Rac1 a6 13. Rc2 Rc8 14. Rfc1 b5
15. Nb1 Rxc2 16. Rxc2 Qa8 17. Qc1 1/2-1/2

[Event "FIDE WGP Jermuk 2012"]
[Site "Jermuk ARM"]
[Date "2012.07.17"]
[Round "1"]
[White "Koneru, H."]
[Black "Zhao Xue"]
[Result "1-0"]
[WhiteElo "2598"]
[BlackElo "2556"]
[PlyCount "47"]
[EventDate "2012.07.16"]
[SourceDate "1999.07.01"]

1. d4 Nf6 2. c4 e6 3. Nf3 b6 4. g3 Ba6 5. Qb3 Nc6 6. Nbd2 d5 7. Bg2 Bb7 8. O-O
Bd6 9. a3 a5 10. Qc2 a4 11. cxd5 exd5 12. e4 dxe4 13. Nxe4 Nxe4 14. Qxe4+ Kf8
15. Bf4 Na5 16. Qf5 Qc8 17. Bxd6+ cxd6 18. Qf4 Qd7 19. Rac1 b5 20. Ng5 Re8 21.
Bh3 Qe7 22. Rce1 Qf6 23. Rxe8+ Kxe8 24. Re1+ 1-0

[Event "Grand Prix FFE Aix 2012"]
[Site "Aix les Bains FRA"]
[Date "2012.07.21"]
[Round "5"]
[White "Van Wely, L."]
[Black "Fedorchuk, S."]
[Result "1-0"]
[WhiteElo "2691"]
[BlackElo "2630"]
[PlyCount "73"]
[EventDate "2012.07.21"]
[EventType "swiss (rapid)"]
[SourceDate "1999.07.01"]

1. d4 Nf6 2. c4 e6 3. Nf3 b6 4. g3 Bb4+ 5. Bd2 a5 6. Bg2 Bb7 7. O-O O-O 8. Bf4
Be7 9. Qc2 Be4 10. Qb3 Nc6 11. Rd1 Nb4 12. Ne1 Bxg2 13. Nxg2 d5 14. a3 dxc4 15.
Qxc4 Nbd5 16. Nc3 Nxc3 17. Qxc3 Nd5 18. Qc6 Nxf4 19. Nxf4 Bd6 20. Nd3 Qf6 21.
e3 h5 22. f4 Qg6 23. Kg2 Rab8 24. Rac1 b5 25. Qf3 Rfd8 26. e4 Rd7 27. Rc6 Rbd8
28. h3 Qh6 29. d5 Bf8 30. Ne5 Rd6 31. Rxc7 exd5 32. Nxf7 Qg6 33. Nxd8 dxe4 34.
Qb3+ Kh7 35. Rd7 e3 36. Qxe3 Qc2+ 37. Rd2 1-0

[Event "XXI TCh-MKD 2012"]
[Site "Struga MKD"]
[Date "2012.07.21"]
[Round "6.3"]
[White "Georgiev, Vl"]
[Black "Kryvoruchko, Y."]
[Result "0-1"]
[WhiteElo "2562"]
[BlackElo "2672"]
[PlyCount "69"]
[EventDate "2012.07.16"]
[SourceDate "1999.07.01"]
[WhiteTeam "BM KISELA VODA, Skopje"]
[BlackTeam "ALKALOID, Skopje"]

1. d4 Nf6 2. c4 e6 3. Nf3 b6 4. a3 Bb7 5. Nc3 d5 6. Bg5 Be7 7. e3 O-O 8. Rc1
Nbd7 9. cxd5 exd5 10. Bd3 c5 11. O-O Ne4 12. Bxe7 Qxe7 13. dxc5 bxc5 14. b4
cxb4 15. axb4 Qxb4 16. Na4 Ndf6 17. Nd4 Qe7 18. Rb1 Rab8 19. h3 g6 20. Rb2 Rbc8
21. Qb3 Bc6 22. Ra1 Bd7 23. Bxe4 Nxe4 24. Qb4 Qg5 25. Nf3 Qh5 26. Nd2 Rfe8 27.
Qd4 Bxa4 28. Rxa4 Nc3 29. Nf3 Nxa4 30. Qxa4 Re7 31. Rb5 Qf5 32. Qb3 Rd7 33. Qa3
Qc2 34. Qa5 d4 35. Nxd4 0-1

[Event "Turkish Bank Chess League 2012"]
[Site "Konya TUR"]
[Date "2012.07.11"]
[Round "1"]
[White "Nyzhnyk, I."]
[Black "Tiviakov, S."]
[Result "1/2-1/2"]
[WhiteElo "2599"]
[BlackElo "2675"]
[PlyCount "58"]
[EventDate "2012.07.11"]
[SourceDate "1999.07.01"]
[WhiteTeam "Ankara Gazi"]
[BlackTeam "Istanbul Pera"]

1. d4 Nf6 2. c4 e6 3. Nf3 b6 4. g3 Bb4+ 5. Bd2 Be7 6. Bg2 c6 7. Nc3 d5 8. cxd5
cxd5 9. Rc1 O-O 10. O-O Bb7 11. Ne5 Nfd7 12. f4 Nxe5 13. dxe5 Nc6 14. Be3 Qd7
15. Qa4 Rfd8 16. Rfd1 Na5 17. Qxd7 Rxd7 18. Nb5 Nc6 19. Bf2 Ba6 20. Rxc6 Bxb5
21. Rc2 Rad8 22. Bd4 Bc4 23. b3 Ba6 24. a4 Rc8 25. Rdc1 Rxc2 26. Rxc2 Bd8 27.
Kf2 Kf8 28. e4 dxe4 29. Ke3 f5 1/2-1/2

[Event "Turkish Bank Chess League 2012"]
[Site "Konya TUR"]
[Date "2012.07.13"]
[Round "3"]
[White "Chadaev, N."]
[Black "Iordachescu, V."]
[Result "1/2-1/2"]
[WhiteElo "2580"]
[BlackElo "2636"]
[PlyCount "55"]
[EventDate "2012.07.11"]
[SourceDate "1999.07.01"]
[WhiteTeam "Adana Truva"]
[BlackTeam "Denizli Pamukkale Universitesi"]

1. d4 Nf6 2. Nf3 e6 3. c4 b6 4. g3 Ba6 5. Qa4 c6 6. Nc3 b5 7. cxb5 cxb5 8. Nxb5
Qb6 9. Nc3 Bb4 10. Bg2 O-O 11. O-O Bxc3 12. bxc3 Bxe2 13. Re1 Bxf3 14. Bxf3 d5
15. Bf4 Nbd7 16. Rab1 Qd8 17. Rb7 Nb6 18. Qa5 Nc4 19. Qxd8 Rfxd8 20. Reb1 h6
21. h4 Ne8 22. Be2 Ned6 23. Rc7 a5 24. Kg2 Rac8 25. Ra7 Ra8 26. Rc7 Rac8 27.
Ra7 Ra8 28. Rc7 1/2-1/2

[Event "Turkish Bank Chess League 2012"]
[Site "Konya TUR"]
[Date "2012.07.13"]
[Round "3"]
[White "Durarbayli, V."]
[Black "Safarli, E."]
[Result "1/2-1/2"]
[WhiteElo "2576"]
[BlackElo "2623"]
[PlyCount "41"]
[EventDate "2012.07.11"]
[SourceDate "1999.07.01"]
[WhiteTeam "Ankara Gazi"]
[BlackTeam "Antalya Calli"]

1. Nf3 Nf6 2. c4 e6 3. d4 b6 4. g3 Ba6 5. b3 Bb7 6. Bg2 Bb4+ 7. Bd2 a5 8. O-O
O-O 9. Nc3 d6 10. Qc2 Nbd7 11. Bg5 h6 12. Bxf6 Nxf6 13. Na4 Be4 14. Qc1 d5 15.
c5 b5 16. Nb2 Ba3 17. Ne5 Bxg2 18. Kxg2 Nd7 19. Nxd7 Qxd7 20. Qc2 Bxb2 21. Qxb2
1/2-1/2

[Event "Int Open ch-SVK 2012"]
[Site "Banska Stiavnica SVK"]
[Date "2012.07.11"]
[Round "5.1"]
[White "Markos, J."]
[Black "Petrik, T."]
[Result "1-0"]
[WhiteElo "2540"]
[BlackElo "2536"]
[PlyCount "93"]
[EventDate "2012.07.07"]
[SourceDate "1999.07.01"]

1. d4 e6 2. c4 Nf6 3. Nf3 b6 4. g3 Ba6 5. Qa4 Bb7 6. Bg2 c5 7. dxc5 Bxc5 8. O-O
O-O 9. Nc3 Be7 10. Bf4 Na6 11. Rfd1 Nc5 12. Qc2 Qc8 13. Rd4 d5 14. Rc1 Nce4 15.
Nxe4 Nxe4 16. Qd1 Bc5 17. cxd5 exd5 18. Be3 Qe6 19. Rd3 Ba6 20. Bxc5 bxc5 21.
Re3 Qf5 22. g4 Qe6 23. h3 Qf6 24. Qxd5 Qxb2 25. Re1 Bb7 26. Qb3 Qxb3 27. Rxb3
Bd5 28. Rd3 Bc4 29. Ra3 Rfe8 30. e3 a6 31. Rc1 Bb5 32. Nh4 Rad8 33. Bxe4 Rxe4
34. Rxc5 g6 35. Nf3 Rd1+ 36. Kg2 Rb4 37. Nd4 Bd3 38. Rb3 Ra4 39. g5 Bc4 40.
Rb8+ Kg7 41. Rcc8 Bd5+ 42. f3 Rxa2+ 43. Kg3 Rg1+ 44. Kf4 Rxg5 45. Kxg5 Rg2+ 46.
Kf4 Kf6 47. Rb6+ 1-0

[Event "Int Open ch-SVK 2012"]
[Site "Banska Stiavnica SVK"]
[Date "2012.07.12"]
[Round "6.1"]
[White "Babula, V."]
[Black "Markos, J."]
[Result "1/2-1/2"]
[WhiteElo "2585"]
[BlackElo "2540"]
[PlyCount "35"]
[EventDate "2012.07.07"]
[SourceDate "1999.07.01"]

1. d4 Nf6 2. Nf3 e6 3. c4 b6 4. g3 Ba6 5. Nbd2 d5 6. Bg2 Be7 7. O-O O-O 8. cxd5
Nxd5 9. Ne5 c5 10. dxc5 Qc7 11. Bxd5 exd5 12. Ndf3 Bxc5 13. Bf4 Qb7 14. Rb1 f6
15. Nd3 Qd7 16. Nxc5 bxc5 17. Rc1 Rc8 18. a3 1/2-1/2

[Event "Int Open ch-SVK 2012"]
[Site "Banska Stiavnica SVK"]
[Date "2012.07.14"]
[Round "8.1"]
[White "Ftacnik, L."]
[Black "Markos, J."]
[Result "1/2-1/2"]
[WhiteElo "2516"]
[BlackElo "2540"]
[PlyCount "31"]
[EventDate "2012.07.07"]
[SourceDate "1999.07.01"]

1. d4 Nf6 2. Nf3 e6 3. c4 b6 4. g3 Ba6 5. Nbd2 d5 6. cxd5 Nxd5 7. e4 Bxf1 8.
Kxf1 Nf6 9. Kg2 Nc6 10. e5 Nd5 11. Ne4 Qd7 12. a3 Be7 13. Qc2 a5 14. Bg5 h6 15.
Bxe7 Ncxe7 16. Rac1 1/2-1/2

[Event "Int Open ch-SVK 2012"]
[Site "Banska Stiavnica SVK"]
[Date "2012.07.14"]
[Round "8.3"]
[White "Babula, V."]
[Black "Petrik, T."]
[Result "1-0"]
[WhiteElo "2585"]
[BlackElo "2536"]
[PlyCount "85"]
[EventDate "2012.07.07"]
[SourceDate "1999.07.01"]

1. d4 Nf6 2. c4 e6 3. Nf3 b6 4. g3 Ba6 5. b3 Bb7 6. Bg2 Bb4+ 7. Bd2 a5 8. O-O
O-O 9. Bg5 a4 10. bxa4 d6 11. Qb3 Ba5 12. Na3 Nbd7 13. Rad1 h6 14. Bc1 Qe7 15.
Nh4 Bxg2 16. Kxg2 Rfc8 17. Nc2 Qe8 18. Nf3 Ne4 19. Rd3 c5 20. d5 exd5 21. Rxd5
Ndf6 22. Rd3 d5 23. Bb2 Nd6 24. Na3 d4 25. e3 Nfe4 26. exd4 cxd4 27. Rxd4 Qc6
28. Rfd1 Nf5 29. Rd5 Ne7 30. Ne5 Qe6 31. Qe3 Nxd5 32. cxd5 Qf5 33. g4 Qh7 34.
d6 Nf6 35. d7 Rd8 36. Qb3 Qe4+ 37. Kg3 h5 38. h3 Kh7 39. Nxf7 h4+ 40. Kxh4 Qf4
41. Qc2+ Kg8 42. Be5 Qf3 43. Ng5 1-0

[Event "6th LCT GpA 2012"]
[Site "Leiden NED"]
[Date "2012.07.12"]
[Round "6.3"]
[White "Horvath, Cs1"]
[Black "Howell, D."]
[Result "0-1"]
[WhiteElo "2507"]
[BlackElo "2620"]
[PlyCount "74"]
[EventDate "2012.07.06"]
[SourceDate "1999.07.01"]

1. d4 Nf6 2. c4 e6 3. Nf3 b6 4. g3 c6 5. Bg2 Be7 6. O-O O-O 7. b3 Bb7 8. Nc3 d5
9. Bb2 Na6 10. e3 Rc8 11. Qe2 Qc7 12. Rfd1 Qb8 13. e4 Nc7 14. Ne5 Qa8 15. Nd3
c5 16. exd5 cxd4 17. Ne4 exd5 18. Nxf6+ Bxf6 19. c5 Nb5 20. Nf4 Rxc5 21. Nh5
Qd8 22. Nxf6+ Qxf6 23. Re1 Bc8 24. Rac1 Nc3 25. Qe7 Qxe7 26. Rxe7 Be6 27. Bf1
Ra8 28. b4 Rc6 29. b5 Rcc8 30. Rc2 Re8 31. Rxe8+ Rxe8 32. Rd2 Bf5 33. Kg2 Re1
34. Rxd4 Nd1 35. Ba3 Be4+ 36. Kg1 Nc3 37. Rd2 Nb1 0-1

[Event "4th Rethymno Open"]
[Site "Rethymno GRE"]
[Date "2012.07.10"]
[Round "5.1"]
[White "Sargissian, G."]
[Black "Kryvoruchko, Y."]
[Result "1-0"]
[WhiteElo "2685"]
[BlackElo "2672"]
[PlyCount "107"]
[EventDate "2012.07.07"]
[SourceDate "1999.07.01"]

1. d4 Nf6 2. Nf3 e6 3. c4 b6 4. g3 Bb7 5. Bg2 Be7 6. Nc3 Ne4 7. Bd2 O-O 8. Qc2
f5 9. Ne5 d5 10. O-O Nxd2 11. Qxd2 c6 12. Rac1 Qd6 13. Qf4 Kh8 14. h4 Nd7 15.
cxd5 exd5 16. Nxd5 cxd5 17. Nxd7 Qxf4 18. gxf4 Rfc8 19. h5 Bb4 20. Ne5 Kg8 21.
Rfd1 Kf8 22. Bh3 Rxc1 23. Rxc1 Rc8 24. Rxc8+ Bxc8 25. e3 a5 26. Bf1 Be6 27. Bb5
Ke7 28. Nc6+ Kf6 29. Na7 Ke7 30. Ba6 Bd7 31. Bc8 Bd2 32. Bxd7 Kxd7 33. a4 Bb4
34. Nb5 Be7 35. Nc3 Ke6 36. Kf1 Bb4 37. Ne2 Bd2 38. Ng1 Bc1 39. b3 Ba3 40. Nf3
h6 41. Ne5 Be7 42. Nc6 Bb4 43. Ke2 Bd6 44. Kd3 Be7 45. Nxe7 Kxe7 46. f3 Kf7 47.
e4 Kf6 48. Ke3 Ke6 49. exd5+ Kxd5 50. Kd3 Ke6 51. Kc4 g6 52. d5+ Kf6 53. hxg6
Kxg6 54. Kb5 1-0

[Event "8th RUS-CHN Summit Women Classical"]
[Site "St Petersburg RUS"]
[Date "2012.07.02"]
[Round "1"]
[White "Gunina, V."]
[Black "Zhao Xue"]
[Result "1/2-1/2"]
[WhiteElo "2533"]
[BlackElo "2556"]
[PlyCount "185"]
[EventDate "2012.07.02"]
[SourceDate "1999.07.01"]

1. d4 Nf6 2. c4 e6 3. Nf3 b6 4. g3 Ba6 5. b3 Bb4+ 6. Bd2 Be7 7. Bg2 c6 8. Bc3
d5 9. Nbd2 Nbd7 10. O-O O-O 11. Re1 Bb7 12. e4 Nxe4 13. Nxe4 dxe4 14. Rxe4 Qc7
15. Re1 Rad8 16. Qc2 Nf6 17. Rad1 h6 18. b4 c5 19. dxc5 bxc5 20. b5 Rxd1 21.
Rxd1 Ne4 22. Be5 Bd6 23. Bb2 f5 24. Qe2 e5 25. Nh4 Ng5 26. Rxd6 Bxg2 27. Rg6
Be4 28. f3 f4 29. fxe4 fxg3 30. hxg3 Nh3+ 31. Kg2 Rf2+ 32. Qxf2 Nxf2 33. Kxf2
Qf7+ 34. Ke3 Qxc4 35. Rd6 Qxa2 36. Bxe5 Qb3+ 37. Rd3 Qb1 38. Rd8+ Kf7 39. Nf3
Qb3+ 40. Kf2 Qxb5 41. Rc8 g5 42. Bc3 Qb7 43. Rc6 g4 44. Rxh6 Qb3 45. Ng5+ Ke8
46. Bf6 Qc2+ 47. Ke3 Qc1+ 48. Kd3 Qf1+ 49. Kc3 Qc1+ 50. Kb3 Kd7 51. Rh2 Kc6 52.
Rc2 Qb1+ 53. Bb2 a5 54. Rc3 Kb5 55. Ne6 c4+ 56. Ka3 Qxe4 57. Nd4+ Kb6 58. Rxc4
Qe7+ 59. Ka4 Qe8+ 60. Rc6+ Kb7 61. Bc3 Qe3 62. Kxa5 Qxg3 63. Rb6+ Kc8 64. Nb5
Kd7 65. Rg6 Ke7 66. Rg7+ Ke6 67. Nc7+ Kd6 68. Bb4+ Ke5 69. Re7+ Kf5 70. Nd5 Qb3
71. Ne3+ Kf4 72. Nf1 Qd5+ 73. Kb6 g3 74. Ne3 Qd8+ 75. Kb5 Qd3+ 76. Ka5 Kf3 77.
Bc5 g2 78. Rf7+ Ke2 79. Nxg2 Qd8+ 80. Kb4 Qd2+ 81. Kb5 Qd3+ 82. Kb4 Qb1+ 83.
Ka3 Qc1+ 84. Kb3 Qb1+ 85. Kc3 Qc1+ 86. Kd4 Qb2+ 87. Ke4 Qc2+ 88. Kd4 Qb2+ 89.
Ke4 Qc2+ 90. Kd4 Qb2+ 91. Ke4 Qc2+ 92. Kd4 Qb2+ 93. Ke4 1/2-1/2

[Event "XXI Adolf Anderssen Mem KO"]
[Site "Wroclaw POL"]
[Date "2012.07.01"]
[Round "2.2"]
[White "Arutinian, D."]
[Black "Jaracz, P."]
[Result "1-0"]
[WhiteElo "2556"]
[BlackElo "2530"]
[PlyCount "69"]
[EventDate "2012.07.01"]
[SourceDate "1999.07.01"]

1. d4 Nf6 2. c4 e6 3. Nf3 b6 4. a3 Ba6 5. Qb3 c5 6. d5 exd5 7. cxd5 g6 8. Nc3
Bg7 9. e4 Bxf1 10. Kxf1 O-O 11. h3 d6 12. Bf4 a6 13. a4 Re8 14. Re1 Ra7 15. g4
Rb7 16. Kg2 b5 17. axb5 axb5 18. Bxd6 Qxd6 19. e5 c4 20. Qd1 Qd8 21. exf6 Rxe1
22. Rxe1 Bxf6 23. Qd2 Rd7 24. Ne4 Bg7 25. d6 Nc6 26. Qd5 Nb4 27. Qxb5 Nd3 28.
Ra1 Bxb2 29. Ra6 Nf4+ 30. Kf1 c3 31. g5 Qc8 32. Nf6+ Kg7 33. Nxd7 c2 34. Qxb2+
f6 35. Rc6 1-0

[Event "9th Philadelphia International"]
[Site "Philadelphia USA"]
[Date "2012.07.01"]
[Round "6"]
[White "Evdokimov, Alexa"]
[Black "Sethuraman, S."]
[Result "1/2-1/2"]
[WhiteElo "2544"]
[BlackElo "2546"]
[PlyCount "153"]
[EventDate "2012.06.29"]
[SourceDate "1999.07.01"]

1. d4 Nf6 2. c4 e6 3. Nf3 b6 4. g3 Bb4+ 5. Bd2 Bxd2+ 6. Qxd2 Ba6 7. Qc2 Bb7 8.
Bg2 c5 9. O-O cxd4 10. Nxd4 Bxg2 11. Kxg2 O-O 12. Rd1 Qc8 13. Nd2 d5 14. Rac1
Na6 15. a3 Qb7 16. cxd5 Rac8 17. Qb3 Nc5 18. Qf3 Qxd5 19. Qxd5 Nxd5 20. Rc2
Rcd8 21. N2f3 a6 22. Rdc1 h6 23. Kg1 Ne7 24. b4 Na4 25. Rc7 Nd5 26. R7c6 Rfe8
27. R6c2 Ne7 28. Nb3 Nf5 29. Ne5 Nd6 30. Nc6 Ra8 31. Rd1 Nb5 32. Nbd4 Nxa3 33.
Rcc1 Nb2 34. Rd2 Nac4 35. Rdc2 b5 36. Ra1 e5 37. Nb3 Na4 38. Nba5 Ncb6 39. Nb7
Re6 40. Rd1 Rc8 41. Rdc1 Rc7 42. Nba5 Re8 43. e4 Kf8 44. Kf1 Rec8 45. Ke2 f6
46. Nb3 Ke8 47. h4 h5 48. f4 Nd7 49. Nba5 exf4 50. gxf4 Nf8 51. Ke3 Ne6 52. f5
Nd8 53. Nd4 Rxc2 54. Rxc2 Rxc2 55. Nxc2 Kd7 56. Nd4 Nc3 57. Nab3 Kd6 58. Nc1
Nd1+ 59. Ke2 Nb2 60. Ke3 Nc4+ 61. Kf4 Ne5 62. Ke3 Ndc6 63. Nxc6 Nxc6 64. Nd3 a5
65. bxa5 Nxa5 66. Nf4 b4 67. Nxh5 b3 68. Kd3 b2 69. Kc2 Nc4 70. Nxg7 Kc5 71.
Ne8 Kb4 72. Nxf6 Ka3 73. Nd5 Ne3+ 74. Kb1 Nc4 75. Kc2 Ne3+ 76. Kb1 Nc4 77. Kc2
1/2-1/2

[Event "HSC/De Legibus Open"]
[Site "Helmond NED"]
[Date "2012.06.30"]
[Round "5.1"]
[White "Epishin, V."]
[Black "Timman, J."]
[Result "1/2-1/2"]
[WhiteElo "2572"]
[BlackElo "2575"]
[PlyCount "93"]
[EventDate "2012.06.30"]
[SourceDate "1999.07.01"]

1. d4 Nf6 2. Nf3 e6 3. c4 b6 4. Bf4 Bb7 5. e3 Be7 6. Nc3 Nh5 7. Bd3 d6 8. O-O
Nd7 9. Qe2 O-O 10. Rad1 Nxf4 11. exf4 Bf6 12. Be4 c6 13. f5 exf5 14. Bxf5 g6
15. Bh3 Bg7 16. Rfe1 Nf6 17. g3 Re8 18. Qd2 c5 19. Rxe8+ Qxe8 20. Bg2 Rc8 21.
dxc5 dxc5 22. Nh4 Bxg2 23. Nxg2 Ne4 24. Nxe4 Qxe4 25. b3 Bd4 26. Re1 Qf3 27.
Nh4 Qf6 28. Qe2 Rc6 29. Qf3 Kg7 30. Kf1 a6 31. Re2 b5 32. Rc2 Qe6 33. Ng2 Rd6
34. Nf4 Qd7 35. Kg2 Qf5 36. Nd3 Qd7 37. Nf4 Qf5 38. Qd3 Qd7 39. Nd5 Re6 40. Re2
bxc4 41. bxc4 Rxe2 42. Qxe2 Qf5 43. h4 h5 44. Nf4 Be5 45. Qd3 Bxf4 46. Qxf5
gxf5 47. gxf4 1/2-1/2